000 00281cam a2200133ua 4500
041 _amal
_h
082 _a894.812308
_bGOR/MO
100 _aGorki, .
245 _aMoonnu per /
_cGorki.
_hTextual Documents
300 _a590 ; .
504 _a
942 _cBK
999 _c5200
_d5200